Statistics for "B" Antonyms

Click here to take the quiz!

General Stats

  • This quiz has been taken 147 times
  • The average score is 14 of 20

Answer Stats

WordB Antonyms% Correct
GoodBad
99%
FrontBack
98%
UglyBeautiful
98%
EndBegin
98%
SisterBrother
98%
WorstBest
97%
SellBuy
97%
TopBottom
93%
DeathBirth
88%
InterestingBoring
87%
CowardlyBrave
84%
CurseBless
72%
SoulBody
69%
CoveredBare
59%
TimidBold
49%
IdleBusy
47%
LongBrief
35%
RemoveBring
26%
LimitedBoundless
15%
PraiseBlame
12%

Score Distribution

Percentile by Number Answered

Percent of People with Each Score

Your Score History

You have not taken this quiz